Nomi dei calciatori - Quiz n°13 - Statistics

Statistiche generali
  • Questo quiz è stato fatto 116 volte
  • Il punteggio medio è 9 su 10
Statistiche sulle risposte
Hint Risposta % Corretto
Immobile Ciro
100%
Manōlas Kōstas
96%
Milinković-Savić Sergej
95%
Witsel Axel
93%
Sturaro Stefano
92%
Armani Franco
86%
Lasagna Kevin
85%
Ballo-Touré Fodé
84%
Maksimović Nikola
82%
Leno Bernd
76%
Nessun quiz corrispondente trovato
Distribuzione punteggi
Percentuale di utenti per punteggio
Percentile per numero di risposta
I tuoi punteggi nel tempo
Non hai fatto questo quiz